Irrigation management in command area : (Record no. 127032)

MARC details
000 -LEADER
fixed length control field 00711nam a22002297a 4500
005 - DATE AND TIME OF LATEST TRANSACTION
control field 20170124110018.0
010 ## - LIBRARY OF CONGRESS CONTROL NUMBER
LC control number A-713939
020 ## - INTERNATIONAL STANDARD BOOK NUMBER
Terms of availability 00.00
International Standard Book Number 8170991005
035 ## - SYSTEM CONTROL NUMBER
System control number A-713939
037 ## - SOURCE OF ACQUISITION
Stock number Cen Lib/Ret
040 ## - CATALOGING SOURCE
Original cataloging agency DPL
Language of cataloging EN
082 ## - DEWEY DECIMAL CLASSIFICATION NUMBER
Classification number 333.913
Item number SAT
100 ## - MAIN ENTRY--PERSONAL NAME
Personal name Satpute, T G
9 (RLIN) 19182
245 ## - TITLE STATEMENT
Title Irrigation management in command area :
Statement of responsibility, etc by T G Satpute
Remainder of title study of jayakwadi irrigation project /
260 ## - PUBLICATION, DISTRIBUTION, ETC. (IMPRINT)
Place of publication, distribution, etc Delhi
Name of publisher, distributor, etc Mittal publications
Date of publication, distribution, etc 1988
270 ## - ADDRESS
City Delhi
Address 4528/12, Jai maat market
300 ## - PHYSICAL DESCRIPTION
Extent 175p.
Dimensions 22cm(Hb)
500 ## - GENERAL NOTE
General note Includes index
650 ## - SUBJECT ADDED ENTRY--TOPICAL TERM
Topical term or geographic name as entry element Irrigation management
9 (RLIN) 19183
650 ## - SUBJECT ADDED ENTRY--TOPICAL TERM
Topical term or geographic name as entry element Management
General subdivision command area
9 (RLIN) 19184
942 ## - ADDED ENTRY ELEMENTS (KOHA)
Source of classification or shelving scheme Dewey Decimal Classification
Koha item type English Books
Classification part A-713939
Call number suffix SAT
Holdings
Withdrawn status Lost status Damaged status Not for loan Home library Current library Date acquired Source of acquisition Cost, normal purchase price Total Checkouts Full call number Barcode Date last seen Copy number Cost, replacement price Price effective from Koha item type Public note
Written off       Central Library Central Library 27/06/2015 Cen Lib/Ret 0.00   333.913 SAT A-713939 27/06/2015 1 0.00 27/06/2015 English Books W/d list no. 6820/11

© Delhi Public Library
Hit Counter
free hit counter